00287nam a2200109Ia 4500008004100000040001200041082001300053100000800066245008200074260001400156300000700170200103s9999||||xx |||||||||||||| ||und|| aIMU-MPC aColumn-4 aIMO 0aInternational conference on Limetation of Liability for Maritime claims, 1976 bIMOc1977 a47